00831 2200277 4500001002100000005001500021035002000036007000300056008004100059020002200100082000800122084001400130100001800144245017800162250001000340260003700350300003600387500001400423650002600437700002000463504002600483990001100509990001100520990001100531990001100542INLIS00000000000566620200630090710 a0010-0420000060ta200630 g 0 ind  a978-602-224-029-7 a030 a030 MOR e0 aMORENA, Cindo1 aEnsiklopedia Geografi Aceh, Sumatera Barat, Jambi, Sumatera Utara, Sumatera Selatan, Bengkulu, Lampung, dan Kepulauan Bangka Belitung /cMorena Cindo; editor, Monica Herlina acet.2 aJakarta :bGhina Walafafa,c2012 avi, 119 hlm. :bilus. ;c30 cm. aGlosarium 4aENSIKLOPEDI DAN KAMUS0 aMONICA, Herlina aBibliografi : hlm.118 a7399 a a7399 b a7399 c a7399 d